000 00382nam a2200145 4500
001 121970
003 ES-MaACL
007 t|
008 070214s1964 sp r ||||1| spa d
100 1 _aPosada, José.
_993323
245 1 0 _aVida corriente /
_cJosé Posada.
260 _aMadrid :
_bEditora Nacional,
_c1964.
300 _a154 p. ;
_c20 cm.
852 _aES-MaACL
_jG-7314
_bR.53762
999 _c121970
_d121970